000 00350 a2200157 4500
001 45021
020 _a9788466810388
040 _cAnchieta - Aquarius
100 _aDvies, Julie
240 1 0 _aMole at the seaside
_lpor
245 1 0 _aMole at the seaside
300 _a
362 0 _a2009
650 4 _aLiteratura infantil em inglês
942 _cBK
999 _c45021
_d45021